| 000 | 00432nam a2200181Ia 4500 | ||
|---|---|---|---|
| 005 | 20250423094649.0 | ||
| 008 | 250422s9999 xx 000 0 und d | ||
| 020 | _a978-062-337-X | ||
| 050 | _aHD 31 .O34/ | ||
| 100 | _aOdueyungbo, Fela | ||
| 245 | 0 | _aBusiness management : a practical approach | |
| 260 | _aLagos | ||
| 260 | _bNolachid Associates | ||
| 260 | _c2006 | ||
| 300 | _a352 p | ||
| 650 | _aBusiness | ||
| 942 | _cBK | ||
| 999 |
_c27924 _d27924 |
||